000 00838cam a2200313 4500
008 090401t1997 xxu||||| |||| 00| 0 eng d
020 _a1874059322
035 _a(Sirsi) u78770
041 _aeng
050 _a333.70285
110 _aAssociation for Geographic Information
_9166
245 4 _aThe AGI source book for geographic information systems 1997.
260 _aLondon
_bAssociation for Geographic Information
_c1997
300 _a397p. ; 30cm.
350 _a39.5
650 _aDATABASES
650 _aDIRECTORIES
650 _aFORTH ESTUARY FORUM
650 _aGIS
650 _aGIS
650 _aINTERNET
650 _aSOFTWARE
690 _aLAND SURVEYING
700 _aGreen, David R.
_xEditor
700 _aRix, David
_xEditor
700 _aCorbin, Chris
_xEditor
942 _n0
948 _c06/06/1997
999 _c96482
_d96482